000 02684nam a22003857a 4500
001 103594
003 KnowledgeUnlatched
005 20210303104814.0
006 m o d
007 cr u||||||||||
008 210129p20182019gw o u00| u eng d
037 _5BiblioBoard
245 0 0 _aAfrican linguistics on the prairie
_bSelected papers from the 45th Annual Conference on African Linguistics /
_cJason Kandybowicz, Travis Major, Harold Torrence.
020 _a9783961100361
024 8 _a10.5281/zenodo.1219141
029 1 _ahttps://library.biblioboard.com/ext/api/media/a2fbf10d-8d74-438d-90b0-33b4ed0c9690/assets/thumbnail.jpg
040 _aScCtBLL
_cScCtBLL
506 0 _aAccess copy available to the general public.
_fUnrestricted
_2star
700 1 _aKandybowicz, Jason
_eeditor.
700 1 _aMajor, Travis
_eeditor.
700 1 _aTorrence, Harold
_eeditor.
264 1 _bLanguage Science Press,
300 _a1 online resource (461 p.)
520 _aAfrican Linguistics on the Prairie features select revised peer-reviewed papers from the 45th Annual Conference on African Linguistics, held at the University of Kansas. The articles in this volume reflect the enormous diversity of African languages, as they focus on languages from all of the major African language phyla. The articles here also reflect the many different research perspectives that frame the work of linguists in the Association for Contemporary African Linguistics. The diversity of views presented in this volume are thus indicative of the vitality of current African linguistics research. The work presented in this volume represents both descriptive and theoretical methodologies and covers fields ranging from phonetics, phonology, morphology, typology, syntax, and semantics to sociolinguistics, discourse analysis, language acquisition, computational linguistics and beyond. This broad scope and the quality of the articles contained within holds out the promise of continued advancement in linguistic research on African languages.
588 0 _aDescription based on print version record.
590 _aLanguage Science Press 2018-2020
650 7 _aLanguage Arts & Disciplines / Linguistics
_2bisacsh
650 0 _aLanguage arts
655 0 _aElectronic books.
758 _iIs found in:
_aKnowledge Unlatched
_1https://openresearchlibrary.org/module/2774bc74-146a-484f-a7ba-ab1d6a09bbfb
856 4 0 _uhttps://openresearchlibrary.org/content/a2fbf10d-8d74-438d-90b0-33b4ed0c9690
_zView this content on Open Research Library.
_70
999 _c32685
_d32685